Datum a čas kvízu
32
Celkem bodů
Celkový počet nahraných bodů na tomto kvízu bez doplňovacích otázek.
4.
Pořadí na kvízu
Konečné umístění týmu na tomto kvízu.
Zaznamenané odpovědi
| # | Otázka | Odpověď | Body | Výsledky |
|---|---|---|---|---|
| 1. | Armáda České republiky spustil... | hodnost vraníka | 1 | |
| 2. | V okolí londýnské stanice metr... | Burberry | 1 | |
| 3. | Českých sci-fi filmů nebývá ka... | Bod obnovy | 0 | |
| 4. | V pondělí byla slavnostně zahá... | v Brně | 1 | |
| 5. | V neděli v Berlíně překonala 2... | Etiopii | 0 | |
| 6. | Pes jménem Argos je známý z an... | Odysseovi | 1 | |
| 7. | Salvador Dalí coby extravagant... | o mravenečníka | 1 | |
| 8. | Dokážete přiřadit následující... | 1B 2A 3D 4C | 1 | |
| 9. | Jak se jmenuje kočka na obrázk... | Micka | 1 | |
| 10. | Sedmý prezident Spojených stát... | A | 0 |